| 000 | 00913nam a2200253 a 4500 | ||
|---|---|---|---|
| 001 | 748 | ||
| 003 | BR-CuiBMT | ||
| 005 | 20231129160651.0 | ||
| 008 | 231116s2001 spb 000 0 por d | ||
| 020 | _a8520321011 | ||
| 040 |
_aBR-CuiBMT _cBR-CuiBMT |
||
| 080 |
_22007 _a343.12 |
||
| 090 |
_a343.12 _bM929j |
||
| 100 | 1 |
_aMoura, Maria Thereza Rocha de Assis, _d1956- |
|
| 245 | 1 | 0 |
_aJusta causa para a ação penal : _bdoutrina e jurisprudência / _cMaria Thereza Rocha de Assis Moura. |
| 260 |
_aSão Paulo : _bRevista dos Tribunais, _cc2001. |
||
| 300 |
_a315 p. ; _c21 cm |
||
| 490 | 1 |
_aColeção de estudos de processo penal prof. Joaquim Canuto Mendes de Almeida ; _vv. 5 |
|
| 504 | _aInclui bibliografia. | ||
| 650 |
_aJusta causa (Direito) _zBrasil |
||
| 650 |
_aProcesso penal _zBrasil |
||
| 830 | 0 |
_aColeção de estudos de processo penal prof. Joaquim Canuto Mendes de Almeida ; _v4 |
|
| 942 |
_2udc _cLV |
||
| 999 |
_c748 _d748 |
||